| 000 | 00528cam a2200217ua 4500 | ||
|---|---|---|---|
| 020 |
_a0 8053 0320 0 _c263.34 |
||
| 041 |
_aeng _h |
||
| 082 |
_a581.15 _bAYA/MO |
||
| 100 | _aAyala, . | ||
| 245 |
_aModern genetics / _cAyala. _hTextual Documents |
||
| 250 |
_a2 / _b. |
||
| 260 |
_a : _bBenjamin/Cumming publishing company , _c1984. |
||
| 300 | _a923 ; . | ||
| 365 | _a263.34 | ||
| 504 | _a | ||
| 700 | 1 | _aFrancisco, J . | |
| 700 | 1 | _aJohn, A . | |
| 700 | 1 | _aKiger, . | |
| 942 | _cBK | ||
| 999 |
_c1986 _d1986 |
||